000 00387nam a22001457a 4500
005 20170911123155.0
008 170911b xxu||||| |||| 00| 0 eng d
020 _a095367682X
040 _cPK-LaUMT
082 _aPKAC 297
_bISL-
245 _aIslam the way or revival/
_cRiza Muhammad and Dilwar Hussain(Editors)
260 _aLondon;
_bRevival,
_c2003
300 _a285 p.
942 _cBK
999 _c98051
_d98051